[Event "XXXIV Memorial Edoardo Crespi B"]
[Site "Milano ITA"]
[Date "2013.12.07"]
[Round "4"]
[White "Iacchetti, Giovanni"]
[Black "Trent, Alan M."]
[WhiteElo "1728"]
[BlackElo "1700"]
[Result "1-0"]
[PlyCount "60"]
[EventDate "2013.12.04"]

1. c4 e5 2. Nc3 Nc6 3. g3 f5 4. Bg2 Nf6 5. e3 Bb4 6. Nge2 O-O 7. d3 Bxc3+ 8.
bxc3 Qe8 9. O-O Qh5 10. d4 d6 11. Rb1 f4 12. exf4 Bh3 13. fxe5 Ng4 14. f3 Bxg2
15. fxg4 Rxf1+ 16. Qxf1 Qxh2+ 17. Kxh2 Bxf1 18. Rxb7 Bxe2 19. Rxc7 Bf3 20. exd6
Re8 21. c5 Re1 22. c4 Rxc1 23. d5 Ne5 24. d7 Rc2+ 25. Kg1 Nxd7 26. Rxd7 Bxg4
27. Rxa7 Rc3 28. Rc7 Ra3 29. c6 Kf8 30. d6 h5 1-0

[Event "XXXIV Memorial Edoardo Crespi B"]
[Site "Milano ITA"]
[Date "2013.12.07"]
[Round "4"]
[White "Izzo, Riccardo"]
[Black "Gorini, Michele"]
[WhiteElo "1601"]
[BlackElo "1486"]
[Result "1-0"]
[PlyCount "123"]
[EventDate "2013.12.04"]

1. d4 b6 2. c4 Bb7 3. Nc3 e6 4. e4 Bb4 5. Bd3 Nf6 6. Nf3 Bxc3+ 7. bxc3 Nxe4 8.
Bxe4 Bxe4 9. O-O O-O 10. Re1 d5 11. Ne5 Nd7 12. Nc6 Qf6 13. Qg4 h6 14. Re3 Bf5
15. Qf4 e5 16. Nxe5 Nxe5 17. Qxe5 Qxe5 18. Rxe5 Rfe8 19. cxd5 Rxe5 20. dxe5 Rd8
21. c4 Bd3 22. Ba3 Bxc4 23. d6 cxd6 24. exd6 b5 25. Bc5 a6 26. a3 f5 27. Re1
Rd7 28. Re8+ Kf7 29. Ra8 Ke6 30. Bb4 Ke5 31. Rxa6 Ke4 32. Rc6 Kd3 33. Rc7 Be6
34. Rc3+ Kd4 35. Re3 Bc4 36. h3 Bd5 37. Re8 h5 38. Rh8 g6 39. f3 Ke3 40. Re8+
Kd4 41. Kf2 f4 42. h4 Kd3 43. Re7 Bc6 44. Re6 Rg7 45. Rf6 Kd4 46. Rxf4+ Ke5 47.
Bc3+ Kxf4 48. Bxg7 Kf5 49. Bc3 Ke6 50. Bb4 Kd5 51. Ke3 Bd7 52. Kf4 Kc6 53. Kg5
Bf5 54. g4 hxg4 55. fxg4 Bd3 56. h5 gxh5 57. gxh5 Bc2 58. h6 Bh7 59. Kf6 Bd3
60. Kg7 Be4 61. h7 Bxh7 62. Kxh7 1-0

[Event "XXXIV Memorial Edoardo Crespi B"]
[Site "Milano ITA"]
[Date "2013.12.07"]
[Round "4"]
[White "Lachat, Martin"]
[Black "Bonghi, Fabrizio"]
[WhiteElo "1663"]
[BlackElo "1513"]
[Result "0-1"]
[PlyCount "49"]
[EventDate "2013.12.04"]

1. c4 f5 2. Nc3 Nf6 3. d4 e6 4. Nf3 b6 5. Bg5 Bb7 6. e3 Be7 7. Be2 d5 8. cxd5
Nxd5 9. Bxe7 Qxe7 10. Nxd5 Bxd5 11. O-O Nd7 12. b3 O-O 13. Rc1 Rac8 14. Ba6 g5
15. Bxc8 Rxc8 16. h3 Kh8 17. Qe2 Nf6 18. Nxg5 Rg8 19. Nf3 Qg7 20. g3 Ne4 21.
Ne5 Nxg3 22. Nf7+ Qxf7 23. Qc2 Ne2+ 24. Kh2 Rg2+ 25. Kh1 0-1

[Event "XXXIV Memorial Edoardo Crespi B"]
[Site "Milano ITA"]
[Date "2013.12.07"]
[Round "4"]
[White "Lamperti, Gianloris"]
[Black "Mariucci, Felice"]
[WhiteElo "1636"]
[BlackElo "1716"]
[Result "0-1"]
[PlyCount "62"]
[EventDate "2013.12.04"]

1. d4 Nf6 2. c4 e6 3. Nc3 Bb4 4. f3 Nh5 5. Be3 c6 6. Bf2 d5 7. e4 dxe4 8. fxe4
Nf6 9. Bd3 O-O 10. Nge2 Ng4 11. O-O e5 12. d5 Nxf2 13. Rxf2 Bc5 14. Qd2 Bxf2+
15. Kxf2 Na6 16. Kg1 Nc5 17. Bc2 Qb6 18. Kh1 Qxb2 19. Rb1 Qa3 20. h3 Qa5 21.
Qe3 Nd7 22. dxc6 bxc6 23. Ba4 Qc7 24. Rd1 Nb6 25. Bb3 Ba6 26. c5 Nd7 27. Ng3
Nf6 28. Nf5 Ne8 29. Qg5 Kh8 30. Rd2 f6 31. Qg3 Bc8 0-1

[Event "XXXIV Memorial Edoardo Crespi B"]
[Site "Milano ITA"]
[Date "2013.12.07"]
[Round "4"]
[White "Manca, Renato"]
[Black "Biot, Thomas"]
[WhiteElo "1629"]
[BlackElo "1509"]
[Result "1-0"]
[PlyCount "51"]
[EventDate "2013.12.04"]

1. d4 Nf6 2. Nc3 d5 3. e4 Nxe4 4. Nxe4 dxe4 5. Bc4 g6 6. f3 Bg7 7. c3 exf3 8.
Nxf3 O-O 9. O-O b6 10. Ng5 Bf6 11. Qb3 e6 12. Nxf7 Kxf7 13. Bg5 Kg7 14. Rxf6
Rxf6 15. Re1 Rf1+ 16. Rxf1 Qxg5 17. Kh1 Bb7 18. Qc2 Ba6 19. Qf2 Qf5 20. Qh4 g5
21. Qg3 Qg6 22. Qe5+ Kh6 23. Rf6 Nc6 24. Rxg6+ hxg6 25. Qxe6 Bxc4 26. Qxc6 1-0

[Event "XXXIV Memorial Edoardo Crespi B"]
[Site "Milano ITA"]
[Date "2013.12.07"]
[Round "4"]
[White "Mazzoccoli, Simone"]
[Black "Andolfatto, Maria"]
[WhiteElo "1770"]
[BlackElo "1496"]
[Result "1-0"]
[PlyCount "75"]
[EventDate "2013.12.04"]

1. e4 e5 2. Nf3 Nc6 3. d4 exd4 4. Nxd4 Bc5 5. Nxc6 Qf6 6. Qf3 Qxf3 7. gxf3 bxc6
8. Be3 Bb6 9. Rg1 g6 10. Nc3 f6 11. Bc4 Ne7 12. Bh6 d5 13. exd5 Ba5 14. dxc6
Nf5 15. Be3 Bxc3+ 16. bxc3 Nxe3 17. fxe3 Rb8 18. O-O-O Rb6 19. Rd4 Kf8 20. Rgd1
Kg7 21. Bd5 Ba6 22. Be4 Bc8 23. Rd8 Rxd8 24. Rxd8 Be6 25. Rd4 f5 26. Bd5 Bxd5
27. Rxd5 Rxc6 28. Kd2 Kf6 29. Rd7 Rd6+ 30. Rxd6+ cxd6 31. f4 d5 32. h4 h6 33.
Kd3 Ke6 34. Kd4 Kd6 35. c4 dxc4 36. Kxc4 Kc6 37. Kd4 Kd6 38. c4 1-0

[Event "XXXIV Memorial Edoardo Crespi B"]
[Site "Milano ITA"]
[Date "2013.12.07"]
[Round "4"]
[White "Poletto, Daniele"]
[Black "D'Apa, Massimo"]
[WhiteElo "1752"]
[BlackElo "1724"]
[Result "0-1"]
[PlyCount "126"]
[EventDate "2013.12.04"]

1. c4 c5 2. Nc3 Nf6 3. g3 e6 4. Nf3 Nc6 5. Bg2 d5 6. cxd5 exd5 7. d4 Bf5 8. Bg5
Be7 9. O-O h6 10. Bxf6 Bxf6 11. dxc5 d4 12. Nb5 O-O 13. Nd6 Be6 14. Qd2 b6 15.
Ne4 bxc5 16. Nxc5 Qb6 17. Nxe6 fxe6 18. Ne1 Rac8 19. Nd3 e5 20. h4 Rfe8 21.
Bd5+ Kh8 22. e4 dxe3 23. fxe3 Nd4 24. Bb3 e4 25. exd4 Qxd4+ 26. Kh2 exd3 27.
Rf2 Be5 28. Kg2 Rcd8 29. Rc1 Qg4 30. Rf3 Bxg3 31. Rc4 Bf4+ 32. Kf2 Re2+ 33.
Qxe2 dxe2 34. Rcxf4 Qc8 35. Kxe2 Re8+ 36. Re3 Rxe3+ 37. Kxe3 Qc1+ 38. Kf3 Qxb2
39. Rc4 Qa3 40. Ra4 Qe7 41. Rc4 g5 42. hxg5 hxg5 43. Kg4 Kg7 44. Ra4 a6 45. Rc4
Qf6 46. Ra4 Kh6 47. Re4 Kg7 48. Ra4 Qg6 49. Rc4 Kh6 50. Ra4 Qh5+ 51. Kg3 Qe2
52. Rc4 Kh5 53. Ra4 g4 54. Ra5+ Kh6 55. Ra4 Qf3+ 56. Kh2 g3+ 57. Kh3 g2+ 58.
Kh2 Qf1 59. Rxa6+ Kg5 60. Ra5+ Kf4 61. Ra4+ Ke3 62. Rg4 Qh1+ 63. Kg3 g1=Q# 0-1

[Event "XXXIV Memorial Edoardo Crespi B"]
[Site "Milano ITA"]
[Date "2013.12.07"]
[Round "4"]
[White "Pozzi, Luca"]
[Black "Conta, Diego"]
[WhiteElo "1738"]
[BlackElo "1652"]
[Result "0-1"]
[PlyCount "36"]
[EventDate "2013.12.04"]

1. e4 c5 2. c3 d5 3. exd5 Qxd5 4. d4 Nc6 5. Nf3 Bg4 6. Nbd2 cxd4 7. Bc4 Bxf3 8.
gxf3 Qe5+ 9. Kf1 e6 10. Ne4 Nf6 11. Nxf6+ Qxf6 12. cxd4 Qxd4 13. Qb3 Qb6 14.
Bxe6 fxe6 15. Qxe6+ Be7 16. Rb1 Qb5+ 17. Kg2 Qe5 18. Qg4 O-O 0-1

[Event "XXXIV Memorial Edoardo Crespi B"]
[Site "Milano ITA"]
[Date "2013.12.07"]
[Round "4"]
[White "Primerano, Carlo"]
[Black "Da Campo, Giuseppe"]
[WhiteElo "1723"]
[BlackElo "1628"]
[Result "0-1"]
[PlyCount "54"]
[EventDate "2013.12.04"]

1. d4 Nf6 2. c4 g6 3. Nc3 Bg7 4. e4 d6 5. f3 O-O 6. Be3 c6 7. Qd2 Re8 8. Bd3 e5
9. d5 c5 10. Nge2 Na6 11. O-O-O Nb4 12. g4 Nxd3+ 13. Qxd3 Kh8 14. Ng3 Bd7 15.
h4 Ng8 16. h5 Qf6 17. hxg6 fxg6 18. Qe2 Rf8 19. Rdf1 Rf7 20. Qh2 Bf8 21. g5 Qg7
22. Qd2 Be7 23. Rxh7+ Kxh7 24. Rh1+ Nh6 25. Rxh6+ Kg8 26. Qh2 Rxf3 27. Kd2 Rxe3
0-1

[Event "XXXIV Memorial Edoardo Crespi B"]
[Site "Milano ITA"]
[Date "2013.12.07"]
[Round "4"]
[White "Rigotti, Gianluigi"]
[Black "Ragoso, Mario"]
[WhiteElo "1594"]
[BlackElo "1645"]
[Result "0-1"]
[PlyCount "50"]
[EventDate "2013.12.04"]

1. e4 e5 2. Nf3 Nc6 3. Bb5 a6 4. Ba4 Nf6 5. O-O Be7 6. Nc3 b5 7. Bb3 O-O 8. d4
exd4 9. Nxd4 Nxd4 10. Qxd4 c5 11. Qd3 c4 12. Bxc4 bxc4 13. Qxc4 Rb8 14. e5 Rb4
15. Qe2 Ne8 16. Nd5 Rd4 17. c4 Bb7 18. Be3 Re4 19. f4 Bc5 20. Qd3 Bxe3+ 21.
Nxe3 Qb6 22. Rfe1 Rxf4 23. b4 Re4 24. c5 Qc6 25. Re2 Rxe5 0-1

[Event "XXXIV Memorial Edoardo Crespi B"]
[Site "Milano ITA"]
[Date "2013.12.07"]
[Round "4"]
[White "Scotti, Luigi"]
[Black "Versari, Marino"]
[WhiteElo "1470"]
[BlackElo "1600"]
[Result "0-1"]
[PlyCount "84"]
[EventDate "2013.12.04"]

1. d4 d5 2. Nf3 Nf6 3. e3 e6 4. Nbd2 Bd6 5. Bd3 O-O 6. O-O b6 7. c3 c5 8. Re1
Bb7 9. e4 dxe4 10. Nxe4 Nxe4 11. Bxe4 Bxe4 12. Rxe4 Qc7 13. Qe1 h6 14. Rg4 Kh8
15. Re4 Nd7 16. Bd2 Nf6 17. Re2 Rae8 18. Ne5 Nh7 19. h4 Bxe5 20. dxe5 Rg8 21.
Rd1 Qe7 22. g3 g5 23. hxg5 Nxg5 24. Bxg5 Rxg5 25. f4 Rg6 26. Red2 Reg8 27. Rg2
h5 28. Rdd2 Qb7 29. Qf1 a6 30. a4 Rxg3 31. Kh2 Rxg2+ 32. Rxg2 Rxg2+ 33. Qxg2
Qxg2+ 34. Kxg2 Kg7 35. Kh3 Kg6 36. b4 c4 37. a5 b5 38. Kh4 Kf5 39. Kg3 h4+ 40.
Kf3 h3 41. Kg3 h2 42. Kxh2 Kxf4 0-1

[Event "XXXIV Memorial Edoardo Crespi B"]
[Site "Milano ITA"]
[Date "2013.12.07"]
[Round "4"]
[White "Torelli, Mauro"]
[Black "Spada, Maurizio"]
[WhiteElo "1713"]
[BlackElo "1617"]
[Result "1-0"]
[PlyCount "61"]
[EventDate "2013.12.04"]

1. c4 c6 2. Nc3 Nf6 3. Nf3 d5 4. e3 Bf5 5. Qb3 Qb6 6. Nd4 Bg6 7. cxd5 Qxb3 8.
Nxb3 cxd5 9. Nc5 b6 10. Bb5+ Kd8 11. Na6 Nxa6 12. Bxa6 e6 13. d4 Bb4 14. Bd2
Ke7 15. a3 Bxc3 16. Bxc3 Ne4 17. Bb4+ Kd8 18. f3 Nf6 19. Rc1 Nd7 20. Bd6 Ke8
21. Bb7 Rd8 22. Bc7 Ke7 23. Bxd8+ Rxd8 24. Kd2 Kf6 25. Rc8 Rxc8 26. Bxc8 Nf8
27. h4 h5 28. Rc1 Bh7 29. Rc7 g5 30. hxg5+ Kxg5 31. Rxf7 1-0

[Event "XXXIV Memorial Edoardo Crespi B"]
[Site "Milano ITA"]
[Date "2013.12.07"]
[Round "4"]
[White "Uccelli, Federico"]
[Black "Borgognoni, Domenico"]
[WhiteElo "1389"]
[BlackElo "1518"]
[Result "0-1"]
[PlyCount "46"]
[EventDate "2013.12.04"]

1. d4 d5 2. c4 e6 3. Nc3 c6 4. Nf3 Bd6 5. c5 Bc7 6. Bd2 b6 7. b4 Nf6 8. e3 O-O
9. Be2 Nbd7 10. Qc2 Qe7 11. O-O e5 12. Rfb1 e4 13. Ne1 Re8 14. g3 Nf8 15. Ng2
Ng6 16. a4 Ng4 17. Bxg4 Bxg4 18. a5 b5 19. Qc1 Qf6 20. Qf1 Bh3 21. Ne2 Qf3 22.
Bc3 Bxg2 23. Qxg2 Qxe2 0-1

[Event "XXXIV Memorial Edoardo Crespi B"]
[Site "Milano ITA"]
[Date "2013.12.07"]
[Round "4"]
[White "Verderame, Alberto"]
[Black "Biava, Pierluigi"]
[WhiteElo "1462"]
[BlackElo "1686"]
[Result "0-1"]
[PlyCount "32"]
[EventDate "2013.12.04"]

1. Nf3 c5 2. b3 Nc6 3. Bb2 d5 4. d4 e6 5. e3 Nf6 6. Bd3 Qc7 7. Nbd2 Bd7 8. Qe2
Nb4 9. c3 Nxd3+ 10. Qxd3 Bd6 11. c4 Bc6 12. h3 O-O-O 13. O-O Ne4 14. Ne5 Bxe5
15. dxe5 dxc4 16. Qxc4 Nxd2 0-1

[Event "XXXIV Memorial Edoardo Crespi B"]
[Site "Milano ITA"]
[Date "2013.12.07"]
[Round "4"]
[White "Veri', Giustino"]
[Black "Lapitan, Eusebio"]
[WhiteElo "1708"]
[BlackElo "1668"]
[Result "1/2-1/2"]
[PlyCount "78"]
[EventDate "2013.12.04"]

1. d4 Nf6 2. Nf3 d6 3. g3 c6 4. Bg2 Qc7 5. O-O Nbd7 6. Re1 e5 7. e3 e4 8. Nfd2
d5 9. c4 Be7 10. Nc3 O-O 11. Qb3 Nb6 12. a4 Be6 13. cxd5 Nbxd5 14. Ncxe4 Nf4
15. Nxf6+ Bxf6 16. Qc2 Nxg2 17. Kxg2 Qd7 18. f3 Bh3+ 19. Kg1 Rae8 20. Ne4 Kh8
21. Nxf6 gxf6 22. Qf2 Rg8 23. e4 Rg6 24. Bf4 h5 25. Kh1 Reg8 26. Rg1 f5 27.
Rae1 fxe4 28. Rxe4 Bf5 29. Ree1 Qd5 30. Re5 Qd7 31. Rge1 Re6 32. Rxe6 fxe6 33.
Be5+ Kh7 34. g4 hxg4 35. Qh4+ Kg6 36. fxg4 Qd5+ 37. Kg1 Bxg4 38. Qf6+ Kh5 39.
Bg3 Bf5 1/2-1/2

[Event "XXXIV Memorial Edoardo Crespi B"]
[Site "Milano ITA"]
[Date "2013.12.07"]
[Round "5"]
[White "Alidosi, Marco"]
[Black "Baronio, Gaia"]
[WhiteElo "1781"]
[BlackElo "1591"]
[Result "1-0"]
[PlyCount "71"]
[EventDate "2013.12.04"]

1. d4 d5 2. c4 c6 3. Nf3 Nf6 4. cxd5 cxd5 5. Bf4 Nc6 6. e3 e6 7. Nc3 Bb4 8. Bd3
O-O 9. O-O Re8 10. Qb3 Bd6 11. Ne5 Bxe5 12. Bxe5 Nxe5 13. dxe5 Nd7 14. f4 Qb6
15. Qxb6 Nxb6 16. Nb5 Rd8 17. Nd6 Rb8 18. Rac1 Rd7 19. Rc2 g6 20. Rfc1 Rd8 21.
Rc7 f5 22. b4 Bd7 23. Rxb7 Rxb7 24. Nxb7 Rc8 25. Rxc8+ Bxc8 26. Nd6 Bd7 27. Kf2
Na4 28. Bb5 Nb6 29. Bxd7 Nxd7 30. Nb5 a6 31. Nc7 Nb8 32. Nxe6 Nc6 33. a3 Na7
34. Nc7 Nb5 35. Nxb5 axb5 36. Ke2 1-0

[Event "XXXIV Memorial Edoardo Crespi B"]
[Site "Milano ITA"]
[Date "2013.12.07"]
[Round "5"]
[White "Aloe, Giancarlo"]
[Black "Carito, Riccardo"]
[WhiteElo "1711"]
[BlackElo "1697"]
[Result "0-1"]
[PlyCount "158"]
[EventDate "2013.12.04"]

1. d4 Nf6 2. Nf3 b6 3. c4 e6 4. g3 Bb7 5. Bg2 Be7 6. O-O O-O 7. Nbd2 c5 8. e3
Qc7 9. b3 d5 10. Bb2 dxc4 11. Nxc4 Nbd7 12. Rc1 Qd8 13. Re1 cxd4 14. Bxd4 Bc5
15. Bxc5 Nxc5 16. Nce5 Rc8 17. Qe2 Ba6 18. Qb2 Qe7 19. Red1 Rfd8 20. Nd4 Bb7
21. Ndc6 Rxd1+ 22. Rxd1 Bxc6 23. Nxc6 Qc7 24. b4 Nce4 25. b5 Nc5 26. Rd4 e5 27.
Nxe5 Re8 28. Nc6 a6 29. a4 axb5 30. axb5 Nfd7 31. Qa2 Nb8 32. Qa8 Kf8 33. Qa3
Nbd7 34. Bh3 Nb8 35. Nxb8 Qxb8 36. Bg2 Re7 37. Bc6 Ra7 38. Rd8+ Qxd8 39. Qxa7
h6 40. Kg2 Ne6 41. h4 Qc7 42. Qa8+ Qd8 43. Qb7 Qc7 44. Qa8+ Qd8 45. Qa3+ Qe7
46. Qd3 Qd8 47. Qh7 Ke7 48. Qe4 Kd6 49. f4 g6 50. g4 Qxh4 51. Qd5+ Ke7 52. Qd7+
Kf6 53. Qd1 Kg7 54. Bf3 Qe7 55. Kg3 Qc5 56. Qd3 Nc7 57. Bc6 Ne6 58. Kf3 h5 59.
g5 Qb4 60. Qd1 Nxg5+ 61. Kg3 Ne4+ 62. Kg2 Qd2+ 63. Qxd2 Nxd2 64. Bd5 Nb1 65.
Kf3 Nc3 66. Bc6 f6 67. e4 g5 68. fxg5 fxg5 69. e5 Kf7 70. Bd7 Ke7 71. e6 Nd5
72. Kg3 Nc7 73. Kf3 Nxe6 74. Bc8 Nc7 75. Ba6 Kd6 76. Ke4 Nxa6 77. bxa6 Kc7 78.
Kf5 g4 79. Kf4 b5 0-1

[Event "XXXIV Memorial Edoardo Crespi B"]
[Site "Milano ITA"]
[Date "2013.12.07"]
[Round "5"]
[White "Bertora, Silvano"]
[Black "Biot, Thomas"]
[WhiteElo "1632"]
[BlackElo "1509"]
[Result "1/2-1/2"]
[PlyCount "85"]
[EventDate "2013.12.04"]

1. Nf3 g6 2. c4 Bg7 3. d4 c5 4. e3 Qb6 5. Be2 Nc6 6. Nc3 e6 7. Na4 Qc7 8. Nxc5
b6 9. Nd3 Nf6 10. Nfe5 Bb7 11. f3 Ne7 12. c5 O-O 13. O-O d6 14. cxd6 Qxd6 15.
Bd2 Rfc8 16. Bb4 Qd8 17. Qd2 Nfd5 18. Ba3 Nc6 19. Ng4 f5 20. Ngf2 f4 21. Nxf4
Nxf4 22. exf4 Nxd4 23. Rad1 Rc2 24. Qxc2 Nxc2 25. Rxd8+ Rxd8 26. Be7 Rd7 27.
Ba3 Nxa3 28. bxa3 Rd2 29. Bd1 Bd4 30. Bb3 Bd5 31. Bxd5 exd5 32. g3 Rxa2 33. Kg2
a5 34. g4 b5 35. Kg3 Bxf2+ 36. Rxf2 Rxf2 37. Kxf2 b4 38. axb4 axb4 39. Ke2 b3
40. Kd2 d4 41. h4 h5 42. f5 gxf5 43. g5 1/2-1/2

[Event "XXXIV Memorial Edoardo Crespi B"]
[Site "Milano ITA"]
[Date "2013.12.07"]
[Round "5"]
[White "Biava, Pierluigi"]
[Black "Poletto, Daniele"]
[WhiteElo "1686"]
[BlackElo "1752"]
[Result "1/2-1/2"]
[PlyCount "112"]
[EventDate "2013.12.04"]

1. e4 c5 2. Nc3 Nc6 3. f4 e6 4. Nf3 d5 5. d3 dxe4 6. Nxe4 Nf6 7. Qe2 Be7 8. g3
b6 9. Bd2 O-O 10. Bg2 Bb7 11. O-O-O a5 12. Neg5 Qd7 13. Rhe1 h6 14. Ne4 Nb4 15.
Ne5 Qa4 16. Bxb4 Bxe4 17. Bxe4 Nxe4 18. Qxe4 axb4 19. Qc4 Rfd8 20. Nxf7 Kxf7
21. Qxe6+ Kf8 22. Qxe7+ Kg8 23. Qe6+ Kh8 24. Qb3 Qxa2 25. Qxa2 Rxa2 26. b3 Rd6
27. Re4 h5 28. Rde1 Rh6 29. Kd2 h4 30. g4 Rf6 31. h3 Kh7 32. R1e2 g6 33. Re7+
Kg8 34. Re8+ Kg7 35. R2e7+ Rf7 36. f5 gxf5 37. gxf5 Rxe7 38. Rxe7+ Kf6 39. Re4
Kxf5 40. Rxh4 Kg5 41. Rc4 Ra8 42. h4+ Kh5 43. d4 Rd8 44. Ke3 Re8+ 45. Kf4 Kxh4
46. dxc5 bxc5 47. Rxc5 Re2 48. Rc6 Kh5 49. Kf3 Re5 50. Rc4 Rb5 51. Ke4 Kg6 52.
Kd4 Kf6 53. Rc6+ Ke7 54. Kc4 Rb7 55. Kc5 Kd7 56. Rd6+ Kc8 1/2-1/2

[Event "XXXIV Memorial Edoardo Crespi B"]
[Site "Milano ITA"]
[Date "2013.12.07"]
[Round "5"]
[White "Bonghi, Fabrizio"]
[Black "Bejo, Armand"]
[WhiteElo "1513"]
[BlackElo "1609"]
[Result "0-1"]
[PlyCount "60"]
[EventDate "2013.12.04"]

1. f4 g6 2. e4 d6 3. Nf3 Bg7 4. Bc4 c6 5. c3 d5 6. exd5 cxd5 7. Bb5+ Nc6 8. d4
Bf5 9. Ne5 Bxe5 10. fxe5 e6 11. O-O a6 12. Bd3 Qb6 13. Bxf5 exf5 14. Kh1 O-O-O
15. b4 h6 16. a4 Nge7 17. Na3 a5 18. bxa5 Qxa5 19. Bd2 Qa6 20. Nb5 Na5 21. Nd6+
Rxd6 22. exd6 Qxd6 23. Qe2 Nec6 24. Bf4 Qd7 25. Qb5 g5 26. Bd2 Re8 27. Rae1
Rxe1 28. Rxe1 f6 29. Qc5 Qf7 30. Re7 Qxe7 0-1

[Event "XXXIV Memorial Edoardo Crespi B"]
[Site "Milano ITA"]
[Date "2013.12.07"]
[Round "5"]
[White "Borgognoni, Domenico"]
[Black "Lamperti, Gianloris"]
[WhiteElo "1518"]
[BlackElo "1636"]
[Result "0-1"]
[PlyCount "100"]
[EventDate "2013.12.04"]

1. d4 e6 2. Nf3 d5 3. e3 c5 4. c3 Nc6 5. Bd3 Nf6 6. Nbd2 Qb6 7. Qb3 Qc7 8. Qc2
Bd7 9. O-O Rc8 10. c4 Nb4 11. Qb3 Nxd3 12. Qxd3 dxc4 13. Qxc4 b5 14. Qc2 Bd6
15. e4 cxd4 16. Qxc7 Bxc7 17. Nxd4 e5 18. N4f3 O-O 19. Re1 Bg4 20. b3 Nd7 21.
h3 Bh5 22. Bb2 f6 23. Rac1 Ba5 24. Rxc8 Rxc8 25. Rc1 Rxc1+ 26. Bxc1 Nc5 27. Ba3
b4 28. Bb2 Nd3 29. Nc4 Bc7 30. Nfd2 Bf7 31. Kf1 Kf8 32. g3 Be6 33. g4 Kf7 34.
f3 Kg6 35. h4 h5 36. g5 fxg5 37. hxg5 Kxg5 38. Ke2 Nxb2 39. Nxb2 h4 40. Nf1 Kf4
41. Nd3+ Kg5 42. Nxb4 Bd7 43. Nd3 Kh5 44. Nc5 Bc8 45. a4 g6 46. Kf2 Bb6 47. b4
a5 48. Ne3 axb4 49. Nd3 b3 50. Ke2 Ba6 0-1

[Event "XXXIV Memorial Edoardo Crespi B"]
[Site "Milano ITA"]
[Date "2013.12.07"]
[Round "5"]
[White "Botta, Massimiliano"]
[Black "Guglielmetti, Oscar"]
[WhiteElo "1695"]
[BlackElo "1743"]
[Result "1-0"]
[PlyCount "37"]
[EventDate "2013.12.04"]

1. c4 g6 2. d4 d6 3. e4 Nf6 4. Nc3 Bg7 5. Nf3 Nc6 6. a3 Bg4 7. d5 Bxf3 8. Qxf3
Nb8 9. Be3 c6 10. dxc6 Nxc6 11. O-O-O Qc7 12. g4 O-O-O 13. g5 Ne8 14. Nd5 Qd7
15. Bh3 e6 16. Bxa7 Bd4 17. Rxd4 Nxd4 18. Bxd4 Qc6 19. Bxh8 1-0

[Event "XXXIV Memorial Edoardo Crespi B"]
[Site "Milano ITA"]
[Date "2013.12.07"]
[Round "5"]
[White "Ceraulo, Carlo Alberto"]
[Black "Scotti, Luigi"]
[WhiteElo "1508"]
[BlackElo "1470"]
[Result "1-0"]
[PlyCount "95"]
[EventDate "2013.12.04"]

1. d4 Nf6 2. c4 e6 3. Nc3 d5 4. Bg5 c6 5. e3 Nbd7 6. cxd5 cxd5 7. a3 a6 8. Bd3
Bd6 9. Nf3 O-O 10. O-O b5 11. e4 dxe4 12. Nxe4 Be7 13. Bf4 Bb7 14. Nc3 Nd5 15.
Nxd5 Bxd5 16. Rc1 Rc8 17. Bb1 Nf6 18. Re1 Qb6 19. Be3 Qb7 20. Bf4 Rxc1 21. Qxc1
Bxf3 22. gxf3 Qxf3 23. Qc7 Nd5 24. Qc2 Qg4+ 25. Bg3 g6 26. Ba2 Bd6 27. Re4 Qg5
28. Kh1 Bxg3 29. fxg3 Qf5 30. Qg2 Qg5 31. Qf2 Qf5 32. Qxf5 gxf5 33. Re2 Kg7 34.
Kg2 Kg6 35. Kf2 Kf6 36. Re5 Rd8 37. Kf3 Kg6 38. Bxd5 Rxd5 39. Rxd5 exd5 40. b4
Kg5 41. h4+ Kf6 42. Ke3 h5 43. Kf4 Ke6 44. Kg5 f6+ 45. Kg6 f4 46. gxf4 f5 47.
Kg5 Kd6 48. Kxf5 1-0

[Event "XXXIV Memorial Edoardo Crespi B"]
[Site "Milano ITA"]
[Date "2013.12.07"]
[Round "5"]
[White "Conta, Diego"]
[Black "Veri', Giustino"]
[WhiteElo "1652"]
[BlackElo "1708"]
[Result "0-1"]
[PlyCount "60"]
[EventDate "2013.12.04"]

1. e4 c6 2. d4 d5 3. exd5 cxd5 4. Nf3 Nc6 5. Nc3 Bg4 6. Be2 Nf6 7. h3 Bxf3 8.
Bxf3 e6 9. O-O a6 10. Re1 Be7 11. a3 O-O 12. b4 b5 13. Qd3 Rc8 14. Bd2 Bd6 15.
Ne2 e5 16. dxe5 Nxe5 17. Qb3 Nxf3+ 18. gxf3 Qd7 19. Kg2 Rc4 20. Ng3 Rfc8 21.
Rac1 Rh4 22. Rh1 h6 23. Qd3 Rhc4 24. c3 Be5 25. Rhe1 Bf4 26. Bxf4 Rxf4 27. Ne4
dxe4 28. Qxd7 Nxd7 29. Rxe4 Rxe4 30. fxe4 Kf8 0-1

[Event "XXXIV Memorial Edoardo Crespi B"]
[Site "Milano ITA"]
[Date "2013.12.07"]
[Round "5"]
[White "Costanza, Calogero"]
[Black "Rigotti, Gianluigi"]
[WhiteElo "1598"]
[BlackElo "1594"]
[Result "1/2-1/2"]
[PlyCount "54"]
[EventDate "2013.12.04"]

1. d4 Nf6 2. Nf3 d5 3. Nbd2 e6 4. e3 c5 5. b3 Nc6 6. Bb2 b6 7. Bd3 Nb4 8. Be2
Ba6 9. Bxa6 Nxa6 10. a3 Be7 11. Ne5 Rc8 12. Qe2 Nb8 13. Qb5+ Nfd7 14. f4 f6 15.
Nef3 a6 16. Qe2 b5 17. O-O c4 18. c3 O-O 19. Nh4 f5 20. Nhf3 Nc6 21. b4 Nb6 22.
Ne5 Na4 23. Ndf3 Bf6 24. Rab1 Bxe5 25. Nxe5 Rc7 26. Qc2 Nxe5 27. fxe5 Rcf7
1/2-1/2

[Event "XXXIV Memorial Edoardo Crespi B"]
[Site "Milano ITA"]
[Date "2013.12.07"]
[Round "5"]
[White "Da Campo, Giuseppe"]
[Black "Colica, Daniele"]
[WhiteElo "1628"]
[BlackElo "1701"]
[Result "1-0"]
[PlyCount "99"]
[EventDate "2013.12.04"]

1. d4 Nf6 2. c4 e5 3. d5 Bc5 4. e3 O-O 5. Nf3 d6 6. Nc3 Bg4 7. Be2 a6 8. O-O
Nbd7 9. Nd2 Bf5 10. Bf3 Qe7 11. e4 Bg6 12. Nb3 Ba7 13. Re1 Rab8 14. Be3 Bxe3
15. Rxe3 c6 16. dxc6 bxc6 17. Rd3 Ne8 18. Qd2 f5 19. Na5 Rc8 20. Nb7 Ndf6 21.
Nxd6 Nxd6 22. Rxd6 fxe4 23. Be2 Ne8 24. Rd7 Qh4 25. Qe3 Nf6 26. Ra7 Ng4 27.
Bxg4 Qxg4 28. h3 Qe6 29. Nxe4 Bxe4 30. Qxe4 Rf4 31. Qe3 Rxc4 32. Re1 Re8 33.
Rxa6 Rc2 34. Re2 Qc4 35. Rxc2 Qxc2 36. Qb3+ Qxb3 37. axb3 Rc8 38. Ra5 Re8 39.
Rc5 Re6 40. b4 Kf7 41. b5 cxb5 42. Rxb5 Kf6 43. b4 Rc6 44. g3 h5 45. Rb8 Rc1+
46. Kg2 e4 47. b5 Ke7 48. Rb7+ Kf8 49. b6 Rc2 50. Rc7 1-0

[Event "XXXIV Memorial Edoardo Crespi B"]
[Site "Milano ITA"]
[Date "2013.12.07"]
[Round "5"]
[White "Frignani, Alessandro"]
[Black "Izzo, Riccardo"]
[WhiteElo "1369"]
[BlackElo "1601"]
[Result "0-1"]
[PlyCount "136"]
[EventDate "2013.12.04"]

1. e4 e5 2. Bc4 Nc6 3. Qf3 Qf6 4. c3 Bc5 5. Ne2 d6 6. d3 Qxf3 7. gxf3 Be6 8.
Bxe6 fxe6 9. Be3 Bb6 10. Nd2 Nge7 11. O-O-O O-O-O 12. Rdg1 g6 13. Bxb6 axb6 14.
Kc2 Rhf8 15. Rg4 Kd7 16. f4 exf4 17. Rxf4 Rxf4 18. Nxf4 Rf8 19. Nh3 h6 20. f3
g5 21. Rg1 Ng6 22. Rg4 Nce5 23. Rg3 Ra8 24. a3 c5 25. Nc4 Nxc4 26. dxc4 e5 27.
Kd3 Kc6 28. Ke3 b5 29. cxb5+ Kxb5 30. Nf2 Kc4 31. Kd2 Kb3 32. Kc1 Nf4 33. Kb1
b5 34. Ng4 Ne2 35. Rg2 Nf4 36. Rf2 h5 37. Nf6 b4 38. cxb4 cxb4 39. axb4 Kxb4
40. Rd2 Rd8 41. Nd5+ Nxd5 42. Rxd5 Kb3 43. Rd3+ Kc4 44. Kc2 Rf8 45. h3 Rf7 46.
b3+ Kb4 47. Kd2 Kc5 48. Kc3 Rf4 49. b4+ Kb5 50. Rd5+ Kc6 51. b5+ Kc7 52. Rd3
Rh4 53. Kc4 Rxh3 54. Kd5 g4 55. Rb3 gxf3 56. b6+ Kb7 57. Kxd6 f2 58. Rb1 Rf3
59. Rf1 Kxb6 60. Kxe5 Kc7 61. Kd4 h4 62. e5 h3 63. Ke4 Rf8 64. Ke3 h2 65. Ke2
Rg8 66. Kxf2 Rf8+ 67. Kg2 Rxf1 68. Kxh2 Re1 0-1